HUMAN ANATOMY:REGIONAL AND APPLIED DISSECTION AND CLINICAL [HEAD AND NECK ] VOL-3 (Record no. 8618)

MARC details
000 -LEADER
fixed length control field 00528nam a22001817a 4500
005 - DATE AND TIME OF LATEST TRANSACTION
control field 20251204150159.0
008 - FIXED-LENGTH DATA ELEMENTS--GENERAL INFORMATION
fixed length control field 240831b |||||||| |||| 00| 0 eng d
020 ## - INTERNATIONAL STANDARD BOOK NUMBER
ISBN 978-93-5466-477-9
041 ## - LANGUAGE CODE
Language code of text/sound track or separate title eng
082 ## - DEWEY DECIMAL CLASSIFICATION NUMBER
Classification number 611 CHA-H
100 ## - MAIN ENTRY--AUTHOR NAME
Personal name CHAURASIA B.D.
245 ## - TITLE STATEMENT
Title HUMAN ANATOMY:REGIONAL AND APPLIED DISSECTION AND CLINICAL [HEAD AND NECK ] VOL-3
250 ## - EDITION STATEMENT
Edition statement 9TH ED. 2023
260 ## - PUBLICATION, DISTRIBUTION, ETC. (IMPRINT)
Place of publication NEW DELHI
Name of publisher CBS PUBLISHERS & DISTRIBUTORS PVT .LTD
300 ## - PHYSICAL DESCRIPTION
Number of Pages 364;P
650 ## - SUBJECT ADDED ENTRY--TOPICAL TERM
Topical Term PARAMEDICAL
General subdivision BMLT/BMIRT
942 ## - ADDED ENTRY ELEMENTS (KOHA)
Koha item type Books
Holdings
Lost status Damaged status Collection code Home library Current library Shelving location Date acquired Source of acquisition Cost, normal purchase price Serial Enumeration / chronology Full call number Accession Number Koha item type
    Bachelor of Medical Laboratory Technology JRU Library JRU Library SHELF-72-A 30/08/2024 PURCHASE 1195.00 NEW ARRIVALS SHELF 611 28373 Books
    Bachelor of Medical Laboratory Technology JRU Library JRU Library SHELF-105-A 30/08/2024 PURCHASE 1195.00   611 28374 Books
    Bachelor of Medical Laboratory Technology JRU Library JRU Library SHELF-105-A 01/12/2025 PURCHASE 3240.00 LBI-000811/28-11-2025 611 CHA 29182 Books
    Bachelor of Medical Laboratory Technology JRU Library JRU Library SHELF-105-A 01/12/2025 PURCHASE 3240.00 LBI-000811/28-11-2025 611 CHA 29183 Books
    Bachelor of Medical Laboratory Technology JRU Library JRU Library SHELF-105-A 01/12/2025 PURCHASE 3240.00 LBI-000811/28-11-2025 611 CHA 29184 Books
    Bachelor of Medical Laboratory Technology JRU Library JRU Library SHELF-105-A 01/12/2025 PURCHASE 3240.00 LBI-000811/28-11-2025 611 CHA 29185 Books
    Bachelor of Medical Laboratory Technology JRU Library JRU Library SHELF-105-A 01/12/2025 PURCHASE 3240.00 LBI-000811/28-11-2025 611 CHA 29186 Books